Legislación ambiental : (Registro nro. 77)

Detalles MARC
000 -CABECERA
Campo de control 00949nam a2200289 a 4500
005 - FECHA Y HORA DE LA ULTIMA TRANSACCION
Campo de control 20160112082935.0
008 - ELEMENTOS DE LONGITUD FIJA—INFORMACION GENERAL
Campo de control 140114s1996 ck ||||fr|||| 00| 0 spa d
040 ## - FUENTE DE CATALOGACIÓN
Agencia catalogadora original CO-BoIAVH
Agencia transcriptora CO-BoIAVH
041 0# - IDIOMA
Código de idioma para texto/pista de sonido o título separado Español
044 ## - PAÍS DE PUBLICACIÓN
País de publicación Colombia
082 04 - NUMERO DE CLASIFICACION DECIMAL DEWEY
Número de clasificación 363.70561
Número del ítem C71l
100 1# - ASIENTO PRINCIPAL--NOMBRE PERSONAL
Nombre personal Colmenares Faccini, Rafael
Término relacionado Compilador
9 (RLIN) 3695
245 10 - MENCION DE TITULO
Título Legislación ambiental :
Parte restante del título panel de evaluación Ley 99/93, Decretos y Jurisprudencia, Comentarios
260 ## - PUBLICACION, DISTRIBUCION, ETC. (PIE DE IMPRENTA)
Lugar de publicación, distribución, etc. Bogotá :
Nombre del editor, distribuidor, etc. ECOFONDO ,
Fecha de publicación, distribución, etc. 1996.
300 ## - DESCRIPCION FISICA
Extensión 234 páginas ;
Dimensiones 27 x 22 cm.
650 #6 - ASIENTO SECUNDARIO DE MATERIA - TERMINO TEMATICO
Término temático o nombre geográfico como elemento de entrada Ley 99 del 22 de diciembre de 1993
9 (RLIN) 3696
650 #6 - ASIENTO SECUNDARIO DE MATERIA - TERMINO TEMATICO
Término temático o nombre geográfico como elemento de entrada Política ambiental
9 (RLIN) 49783
650 #6 - ASIENTO SECUNDARIO DE MATERIA - TERMINO TEMATICO
Término temático o nombre geográfico como elemento de entrada Legislación ambiental
9 (RLIN) 49784
650 #6 - ASIENTO SECUNDARIO DE MATERIA - TERMINO TEMATICO
Término temático o nombre geográfico como elemento de entrada Sistema Nacional Ambiental
9 (RLIN) 3522
650 #6 - ASIENTO SECUNDARIO DE MATERIA - TERMINO TEMATICO
Término temático o nombre geográfico como elemento de entrada Participación comunitaria
9 (RLIN) 49785
650 #6 - ASIENTO SECUNDARIO DE MATERIA - TERMINO TEMATICO
Término temático o nombre geográfico como elemento de entrada Gestión ambiental
9 (RLIN) 49786
650 #6 - ASIENTO SECUNDARIO DE MATERIA - TERMINO TEMATICO
Término temático o nombre geográfico como elemento de entrada Investigación científica
9 (RLIN) 49787
650 #6 - ASIENTO SECUNDARIO DE MATERIA - TERMINO TEMATICO
Término temático o nombre geográfico como elemento de entrada Leyes
9 (RLIN) 3697
650 #6 - ASIENTO SECUNDARIO DE MATERIA - TERMINO TEMATICO
Término temático o nombre geográfico como elemento de entrada Decreto
9 (RLIN) 3698
662 ## - ASIENTO SECUNDARIO DE MATERIA - JERARQUIA DEL NOMBRE DE LUGAR(
País o entidad mayor Colombia
942 ## - ELEMENTOS ADICIONALES (KOHA)
Tipo de ítem Libro
Sistema de clasificación Dewey Decimal Classification
Existencias
Withdrawn status Lost status Sistema de Clasificación Damaged status No para préstamo Colección Inventariado Ubicación Permanente Ubicación actual Fecha de adquisición Fuente de Valor Valor Total Checkouts Número topográfico Inventario / Código de Barras Date last seen Ejemplar Price effective from Forma de adquisición Tipo de material
    Dewey Decimal Classification     General Inventariado 2017 Bogotá Bogotá 16/12/1997 Instituto 39000.00   LB-363.70561 C71l 000092 04/12/2012 Ej. 1 04/12/2012   Libro